Court issues fair play warning over posters (Record no. 65324)

MARC details
000 -LEADER
fixed length control field 01602cam a2200277 4500
001 - CONTROL NUMBER
control field ABS63203
008 - FIXED-LENGTH DATA ELEMENTS--GENERAL INFORMATION
fixed length control field 000000n2000 000 0 eng u
035 ## - SYSTEM CONTROL NUMBER
System control number (Sirsi) u109435
100 ## - MAIN ENTRY--PERSONAL NAME
Personal name Goodall, M
245 ## - TITLE STATEMENT
Title Court issues fair play warning over posters
260 ## - PUBLICATION, DISTRIBUTION, ETC.
Date of publication, distribution, etc. 2000
490 ## - SERIES STATEMENT
Series statement Planning (for the Natural and Built Environment)
Volume/sequential designation 10 November 2000, 22(1)
520 ## - SUMMARY, ETC.
Summary, etc. Examines the growing frustration in the advertising industry with the Planning Inspectorate's handling of appeals relating to six-sheet advertisements. Advertising companies such as Primesight have become annoyed with the inspectorate's inability to make fair comparisons between proposals for free-standing displays and those in existence in the same area, particularly in bus shelters. Discusses how the recent case of "Retail Media Ltd v SoS Environment", established clear guidelines for how future appeals should be conducted. Concludes that if an existing display is to be disregarded under regulation 4(1)(a) of the Town and Country Planning (Control of Advertisements) Regulations 1992, this must be clearly stated, and there must be a good reason for doing so.
590 ## - LOCAL NOTE (RLIN)
Local note ABS
650 ## - SUBJECT ADDED ENTRY--TOPICAL TERM
Topical term or geographic name entry element POSTERS
650 ## - SUBJECT ADDED ENTRY--TOPICAL TERM
Topical term or geographic name entry element TOWN AND COUNTRY PLANNING (CONTROL OF ADVERTISEMENTS) REGULATIONS 1992
650 ## - SUBJECT ADDED ENTRY--TOPICAL TERM
Topical term or geographic name entry element PPG19
650 ## - SUBJECT ADDED ENTRY--TOPICAL TERM
Topical term or geographic name entry element RETAIL MEDIA LTD V SOS ENVIRONMENT
650 ## - SUBJECT ADDED ENTRY--TOPICAL TERM
Topical term or geographic name entry element POSTER PANELS
650 ## - SUBJECT ADDED ENTRY--TOPICAL TERM
Topical term or geographic name entry element PLANNING APPEALS
650 ## - SUBJECT ADDED ENTRY--TOPICAL TERM
Topical term or geographic name entry element ADVERTISEMENT CONTROL
690 ## - LOCAL SUBJECT ADDED ENTRY--TOPICAL TERM (OCLC, RLIN)
Topical term or geographic name as entry element ENVIRONMENTAL AND LAND CONSULTANCY-PLANNING AND DEVELOPMENT
700 ## - ADDED ENTRY--PERSONAL NAME
Personal name Auchincloss, M
700 ## - ADDED ENTRY--PERSONAL NAME
Personal name Patel, N
942 ## - ADDED ENTRY ELEMENTS (KOHA)
Suppress in OPAC 0
Holdings
Withdrawn status Lost status Source of classification or shelving scheme Damaged status Not for loan Home library Current library Shelving location Date acquired Total Checkouts Full call number Barcode Date last seen Copy number Price effective from Koha item type
    Dewey Decimal Classification     London London Journal article 22/11/2000   ABS63203 109435-1001 06/08/2019 1 06/08/2019 Journal article